Tübinger Bushaltestellen - Statistiken

Allgemein
  • Dieses Quiz wurde 77 mal gespielt
  • Das Durchschnittsergebnis liegt bei 72 aus 236
Antwortstatistiken
Anzahl der Linien Linien Bushaltestelle Ort % Korrekt
24 1,2,3,4,5,6,7,8,9,10,11,X11,12,13,X15,16,17,19,21,22,31,32,34,35 Hauptbahnhof Tübingen
100%
20 1,2,3,4,5,6,7,8,9,10,11,12,13,16,17,18,19,21,22,32 Neckarbrücke Tübingen
100%
09 1,2,3,4,6,7,17,21,32 Uni/Neue Aula Tübingen
98%
18 1,2,3,4,5,6,7,8,9,11,12,13,16,17,18,19,21,32 Nonnenhaus Tübingen
90%
18 1,2,3,4,5,6,7,8,9,11,12,13,16,17,18,19,21,32 Wilhelmstraße Tübingen
88%
11 1,3,4,5,8,X11,13,16,31,34,35 Blaue Brücke Tübingen
83%
18 1,2,3,4,5,6,7,8,9,11,13,12,16,17,18,19,21,32 Hölderlinstraße Tübingen
83%
18 1,2,3,4,5,6,7,8,9,11,12,13,16,17,18,19,21,32 Stadtgraben Tübingen
83%
08 5,13,14,X15,17,18,19,20 BG Unfallklinik Tübingen
80%
02 1,7 Stuttgarter Straße Tübingen
80%
05 2,3,4,5,6 Ahornweg Tübingen
76%
05 5,13,17,18,20 Auf der Morgenstelle Tübingen
76%
05 8,13,16,18,19 Parkhaus König Tübingen
76%
04 1,2,7,21 Pauline-Krone-Heim Tübingen
76%
08 5,13,14,X15,17,18,19,20 Uni-Kliniken Berg Tübingen
76%
01 5 Uni-Kliniken Tal Tübingen
76%
04 5,13,18,19 Gmelinstraße Tübingen
73%
06 1,2,6,7,21,32 Mohlstraße Tübingen
73%
08 8,9,11,12,13,16,18,19 Rümelinstraße Tübingen
68%
06 1,2,6,7,21,32 Lothar-Meyer-Bau Tübingen
66%
12 1,3,4,5,8,X11,13,16,21,31,34,35 Poststraße Tübingen
66%
03 1,4,13 Aixer Straße Tübingen
63%
06 13,14,X15,18,19,20 Calwer Straße Tübingen
63%
03 1,4,13 Stadtwerke Tübingen
63%
03 4,8,34 Sternplatz Tübingen
63%
03 11,14,20 Westbahnhof Tübingen
63%
01 1 Französisches Viertel Tübingen
61%
06 1,4,8,X11,34,35 Landestheater Tübingen
61%
02 1,7 Landhausstraße Tübingen
61%
02 3,13 Loretto Tübingen
61%
04 2,3,4,5 Pappelweg Tübingen
61%
03 3,4,17 Brunsstraße Tübingen
59%
03 5,13,17 Botanischer Garten Tübingen
56%
05 13,14,18,19,20 Breiter Weg Tübingen
56%
04 2,3,4,5 Erlenweg Tübingen
56%
01 2 Falkenweg Tübingen
56%
01 2 Linsenbergstraße Tübingen
56%
01 18 Volksbank Hirschau
56%
02 5,16 Derendingen Bahnhof Tübingen
54%
02 18,19 Freibad Tübingen
54%
01 5 Quenstedtstraße Tübingen
54%
03 8,18,20 Rathaus Hagelloch
54%
02 1,7 Rathaus Pfrondorf
54%
01 19 Rathaus Kilchberg
54%
01 19 Rathaus Bühl
54%
01 19 Rathaus Weilheim
54%
02 4,6 Winkelwiese Tübingen
54%
02 3,13 Hechinger Eck Tübingen
51%
04 2,3,4,5 Ulmenweg Tübingen
51%
02 4,32 Corrensstraße Tübingen
49%
02 5,16 Derendingen Käppele Tübingen
49%
01 22 Gartenstraße Tübingen
49%
01 5 Hauptbahnhof Süd (Schellingstraße) Tübingen
49%
01 5 Hauptbahnhof Süd (Steinlachallee) Tübingen
49%
03 3,4,17 Im Rotbad Tübingen
49%
04 8,14,16,20 Rappstraße Tübingen
49%
01 X11 Reutlinger Straße Tübingen
49%
01 1 Schweickhardtstraße Tübingen
49%
03 5,13,17 Wanne Kunsthalle Tübingen
49%
03 3,5,31 Feuerhägle Tübingen
46%
01 5 Frondsbergstraße Tübingen
46%
03 3,4,17 Goethestraße Tübingen
46%
02 3,13 Hechinger Straße Tübingen
46%
03 14,16,20 Herrenberger Straße Tübingen
46%
01 22 Jugendherberge Tübingen
46%
01 5 Marienstraße Tübingen
46%
01 6 Rappenberg Tübingen
46%
01 21 Benzstraße Tübingen
44%
01 18 Dischinger Weg Hirschau
44%
04 3,4,17,32 Engelfriedshalde Tübingen
44%
02 1,22 Kreuzstraße Tübingen
44%
01 2 Sand Nordring Tübingen
44%
01 3 Sternwarte Tübingen
44%
03 5,13,17 Beethovenweg Tübingen
41%
02 8,16 Hagellocher Weg Tübingen
41%
03 4,8,34 Kiesäckerstraße Tübingen
41%
01 17 Kunsthalle Tübingen
41%
01 18 Rittweg Ost Hirschau
41%
01 18 Rittweg West Hirschau
41%
01 32 Tropenklinik Tübingen
41%
01 9 Krumme Brücke Tübingen
39%
01 3 Nelkenweg Tübingen
39%
02 2,6 Sand Drosselweg Tübingen
39%
02 11,12 Schleifmühleweg Tübingen
39%
01 1 Dorfackerschule Tübingen
37%
03 9,11,12 Haagtor Tübingen
37%
04 2,5,16,31 Hegelstraße Tübingen
37%
02 16,31 Neuffenstraße Tübingen
37%
01 10 Österberg Tübingen
37%
02 3,31 Paul-Dietz-Straße Tübingen
37%
01 4 Wennfelder Garten Tübingen
37%
02 1,22 Dieselstraße Tübingen
34%
02 4,13 Königsberger Straße Tübingen
34%
01 31 Schloss Kreßbach
34%
01 19 Schloss Kilchberg
34%
02 4,32 Schönblick Tübingen
34%
01 12 Weststadt Tübingen
34%
04 8,14,16,20 Aischbachstraße Tübingen
32%
02 1,35 Alter Güterbahnhof Tübingen
32%
01 3 Auf dem Kreuz Tübingen
32%
01 34 Bergfriedhof Ost Tübingen
32%
01 34 Bergfriedhof Süd Tübingen
32%
01 34 Bergfriedhof West Tübingen
32%
01 6 Haußerstraße Tübingen
32%
03 3,5,31 Heinlenstraße Tübingen
32%
01 2 Mühlbachäcker Tübingen
32%
01 22 Nürtinger Straße Tübingen
32%
02 16,31 Albrechtstraße Tübingen
29%
01 35 Au Ost Tübingen
29%
02 16,31 Brühlstraße Tübingen
29%
01 19 Bahnhof Kilchberg
27%
01 1 Bertha-von-Suttner-Straße Tübingen
27%
01 31 Bläsibad Tübingen
27%
02 5,16 Danziger Straße Tübingen
27%
03 8,18,20 Dornäckerweg Hagelloch
27%
01 3 Max-Planck-Institute Tübingen
27%
01 3 Memminger Straße Tübingen
27%
01 5 Moltkestraße Tübingen
27%
01 21 Neckarsulmer Straße Tübingen
27%
01 21 Egeriaplatz Tübingen
24%
01 6 Ernst-Bloch-Straße Tübingen
24%
01 16 Ernst-Simon-Straße Tübingen
24%
01 17 Ferdinand-Christian-Baur-Straße Tübingen
24%
01 10 Fritz-Bauer-Straße Tübingen
24%
01 22 Hundskampfklinge Tübingen
24%
02 3,17 Robert-Gradmann-Weg Tübingen
24%
01 6 Bei den Römergräbern Tübingen
22%
02 1,7 Bei der Kirche Pfrondorf
22%
01 21 Betriebshof TüBus Tübingen
22%
01 22 Carlo-Steeb-Straße Tübingen
22%
01 X11 Hügelschule Tübingen
22%
01 18 Kirchplatz Hirschau
22%
02 1,7 Lindenstraße Pfrondorf
22%
01 35 Lustnau Bahnhof Tübingen
22%
01 32 Ursrainer Ring Tübingen
22%
02 3,5 Waldhäuser Straße Tübingen
22%
01 16 Waldhörnlestraße Tübingen
22%
01 3 Weißdornweg Tübingen
22%
01 5 Windfeldstraße Tübingen
22%
01 6 Hirschauer Straße Tübingen
20%
02 16,31 Horn-Straße Tübingen
20%
01 5 Mühlenviertel Tübingen
20%
01 10 Österbergstraße Tübingen
20%
01 10 Rechter Österberg Tübingen
20%
01 2 Regierungspräsidium Tübingen
20%
01 19 Römerstraße Bühl
20%
01 22 Aeulestraße Tübingen
17%
01 13 Alexanderstraße Tübingen
17%
01 6 Amselweg Tübingen
17%
01 9 Bürgeramt Tübingen
17%
01 21 Düsseldorfer Straße Tübingen
17%
01 3 Fuchsstraße Tübingen
17%
01 19 Keltengrab Kilchberg
17%
01 11 Schwärzlocher Straße 111 Tübingen
17%
01 11 Schwärzlocher Straße 45 Tübingen
17%
01 11 Schwärzlocher Straße 79 Tübingen
17%
01 12 Sindelfinger Straße Tübingen
17%
01 6 Wolfgang-Stock-Straße Tübingen
17%
01 19 Alte Landstraße Weilheim
15%
01 1 Dorfstraße Tübingen
15%
01 35 Eisenbahnstraße Tübingen
15%
01 16 Hasenbühl Tübingen
15%
01 1 Käthe-Kollwitz-Straße Tübingen
15%
01 7 Eichhaldenstraße Tübingen
12%
01 4 Görlitzer Weg Tübingen
12%
01 5 Haydnweg Tübingen
12%
02 11,12 Kelterplatz Tübingen
12%
01 22 Mühlstraße Tübingen
12%
01 8 Neuhalde Tübingen
12%
01 1 Wankheimer Täle Tübingen
12%
02 21,22 Am Mühlbach Tübingen
10%
01 21 Biererstraße Tübingen
10%
01 21 Bismarckstraße Tübingen
10%
01 9 Bismarckturm Tübingen
10%
01 5 Horemer Tübingen
10%
01 7 Jürgensenstraße Tübingen
10%
01 31 Kleeacker Kreßbach
10%
01 8 Kreuzberg Tübingen
10%
01 3 Maria-von Linden-Straße Tübingen
10%
02 7,22 Neuhaldenstraße Tübingen
10%
01 32 Ochsenweide Tübingen
10%
01 1 Steige Tübingen
10%
01 22 Viktor-Renner-Straße Tübingen
10%
02 21,22 Deichelweg Tübingen
7%
01 8 Friedrich-Dannenmann-Straße Tübingen
7%
01 2 Gottlob-Braeuning-Straße Tübingen
7%
02 6,32 Im Winkelrain Tübingen
7%
01 4 Niethammerstraße Tübingen
7%
01 12 Städtischer Fuhrpark Tübingen
7%
01 1 Stauden Tübingen
7%
01 8 Stephanuskirche Tübingen
7%
02 8,34 Sudetenstraße Tübingen
7%
01 21 August-Bebel-Straße Tübingen
5%
01 8 Gössstraße Tübingen
5%
01 22 Kielmeyerstraße Tübingen
5%
02 1,7 Lusstraße Pfrondorf
5%
01 35 Neckaraue Tübingen
5%
01 32 Öhlerweg Tübingen
5%
02 1,7 Seestraße Pfrondorf
5%
02 1,7 Stäudach Tübingen
5%
01 10 Stauffenbergstraße Tübingen
5%
01 4 Tilsiter Weg Tübingen
5%
03 9,11,12 Weberstraße Tübingen
5%
01 1 Wolfsbaumweg Tübingen
5%
02 1,7 Zollernstraße Pfrondorf
5%
01 9 Ammergasse Tübingen
2%
01 21 Brückenstraße Tübingen
2%
01 9 Burgholzweg Tübingen
2%
01 22 Friedrich-Zundel-Straße Tübingen
2%
01 34 Galgenberg Tübingen
2%
01 1 Gottfried-Pressel-Weg Tübingen
2%
01 32 Gottlieb-Olpp-Straße Tübingen
2%
01 1 Herrlesberg Tübingen
2%
01 32 Im Hopfengarten Tübingen
2%
01 19 Kneiple Weilheim
2%
01 6 Neckarhalde Tübingen
2%
01 10 Schwabstraße Tübingen
2%
01 9 Unteres Burgholz Tübingen
2%
01 6 Biesingerstraße Tübingen
0%
01 10 Doblerstraße Tübingen
0%
02 11,12 Gerstenmühlstraße Tübingen
0%
01 17 Hans-Geiger-Weg Tübingen
0%
01 6 Hennentalweg Tübingen
0%
01 10 Kleiststraße Tübingen
0%
01 9 Lichtenberger Weg Tübingen
0%
02 1,7 Maienfeldstraße Pfrondorf
0%
02 14,20 Rheinlandstraße Tübingen
0%
01 21 Schaffhausenstraße Tübingen
0%
02 1,7 Schönbuchhalle Pfrondorf
0%
01 6 Sperberweg Tübingen
0%
02 1,7 Steinbruchstraße Pfrondorf
0%
01 32 Straßburger Äcker Tübingen
0%
02 6,32 Untere Heulandsteige Tübingen
0%
01 35 Vor dem Großholz Tübingen
0%
01 8 Weilerhalde Tübingen
0%
01 10 Wielandshöhe Tübingen
0%
Keine übereinstimmenden Quizze gefunden
Verteilung der Resultate
Anzahl Personen mit jedem Resultat
Perzentil nach korrekt beantworteten Fragen
Ihre Resultats-Entwicklung
Sie haben dieses Quiz noch nicht gespielt